Normal view
MARC view
- Keane Maureen,Daniella Chace
Entry Personal Name
001 - CONTROL NUMBER
- control field: 9882
003 - CONTROL NUMBER IDENTIFIER
- control field: NUST
005 - DATE AND TIME OF LATEST TRANSACTION
- control field: 20180124165847.0
008 - FIXED-LENGTH DATA ELEMENTS
- fixed length control field: 180124|| aca||aabn | a|a d
040 ## - CATALOGING SOURCE
- Original cataloging agency: NUST
- Transcribing agency: NUST
100 ## - HEADING--PERSONAL NAME
- Personal name: Keane Maureen,Daniella Chace
670 ## - SOURCE DATA FOUND
- Source citation: Work cat.: (NUST)325587: Keane Maureen,Daniella Chace, What to Eat if you have Cancer, 2007
